Geothermal energy as a source of electric power : (Record no. 3936)

MARC details
000 -LEADER
fixed length control field 00858nac a22002171u 4500
010 ## - LIBRARY OF CONGRESS CONTROL NUMBER
LC control number 76007008
020 ## - INTERNATIONAL STANDARD BOOK NUMBER
International Standard Book Number 0262131234
082 00 - DEWEY DECIMAL CLASSIFICATION NUMBER
Classification number 621.312139
Item number M661
090 ## - LOCALLY ASSIGNED LC-TYPE CALL NUMBER (OCLC); LOCAL CALL NUMBER (OCLC)
-- 3936
-- 3936
100 ## - MAIN ENTRY--PERSONAL NAME
Personal name Milora, Stanley L.
245 10 - TITLE STATEMENT
Title Geothermal energy as a source of electric power :
Remainder of title thermodynamic and economic design criteria /
Statement of responsibility, etc Stanley L. Milora and Jefferson W. Tester.
260 ## - PUBLICATION, DISTRIBUTION, ETC. (IMPRINT)
Place of publication, distribution, etc Cambridge, Mass. :
Name of publisher, distributor, etc MIT Press,1976
Date of publication, distribution, etc 1976.
300 ## - PHYSICAL DESCRIPTION
Extent 186 p. :
Other physical details ill. ;
Dimensions 24 cm.
504 ## - BIBLIOGRAPHY, ETC. NOTE
Bibliography, etc Includes bibliographical references and index.
650 #0 - SUBJECT ADDED ENTRY--TOPICAL TERM
Topical term or geographic name as entry element Geothermal engineering.
650 #0 - SUBJECT ADDED ENTRY--TOPICAL TERM
Topical term or geographic name as entry element Thermodynamics.
650 #0 - SUBJECT ADDED ENTRY--TOPICAL TERM
Topical term or geographic name as entry element Geothermal resources.
700 1# - ADDED ENTRY--PERSONAL NAME
Personal name Tester, Jefferson W.,
942 ## - ADDED ENTRY ELEMENTS (KOHA)
Item type Book - Borrowing
Call number prefix 621.312139M661
Holdings
Withdrawn status Item status Damaged status Not for loan Home library Current library Shelving location Date acquired Source of acquisition Total Checkouts Full call number Barcode Date last seen Koha item type
        Central Library Central Library First floor 07/08/2007 Purchase   621.312139 MIL 000005048 15/07/2025 Book - Borrowing